000
00303nam a22001337a 4500
008
170405b xxu||||| |||| 00| 0 eng d
020
_a
9780781728614
041
_a
eng
080
_2
4TH
_a
616.34
100
_a
9
101
_a
SHM
245
_a
TEXTBOOK OF GASTROENETEROLOGY
_c
YAMADA, T
942
_2
udc
_c
BK
999
_c
9869
_d
9869